00737nam a22002292 4500001001100000005001700011008004100028020001700069040001500086100003900101245008100140250001200221260003200233300001000265650004200275700003300317852001300350908001100363950000600374999001500380952011200395000002374120151217152248.0130320s xx 000 0 eng d a1591280538 : aKABUcKABU1 aHitchens, Christopher.@000014546010aIs christianity good for the world? /cChristopher Hitchens, Douglas Wilson. a1st ed. aMoscow :bCanopress,c2008. a67 p. 0aChristianity and atheism.@00001834321 aWilson, Douglas.@00001834331 9p300 KES a130320 @1 c9955d9955 00102lcc70aKABUbKABUd2015-12-17l0oBR128 .A8H58 2008 c.1p014653r2024-08-02 00:00:00w2015-12-17yBK